Szczegóły MARC21

Teoria Arystotelesa na temat źródła ludzkiego ducha : wraz z dodatkiem List otwarty do Pana Profesora Doktora Eduarda Zellera na okoliczność jego pisma na temat teorii Arystotelesa o wieczności ducha /

003 -Nazwa inst., której nr kontr. jest w polu 001 [,]
    • @
    • Nazwa instytucji, której n kontrolny jest w polu 001
    • NUKAT
005 -DATA I CZAS OSTATNIEJ MODYFIKACJI [,]
    • @
    • pole kontrolne
    • 20241231114446.0
020 -Międzynarod. znormalizowany nr książki - ISBN [ , ]
    • a
    • Numer ISBN
    • 9788376884011 Find
040 -Instytucja sporządzająca opis [ , ]
    • a
    • Instytucja, która sporządziła opis (NP)
    • OLSZT 003/BK
    • c
    • Instytucja, która sporządziła rekord (NP)
    • OLSZT 003/BKs
041 -Język dokumentu [1, ]
    • a
    • Język tekstu (P)
    • polski
    • h
    • Język tekstu oryginalnego i/lub pośredniego (P)
    • niemiecki
942 -Rodzaj dokumentu [ , ]
    • c
    • Rodzaj dokumentu
    • Książka
100 -Hasło główne - nazwa osobowa [1, ]
    • a
    • Nazwa osobowa (NP)
    • Brentano, Franz Clemens
    • d
    • Daty biograficzne (NP)
    • (1838-1917).
    • 9
    • KHW
    • 88834
240 -Tytuł ujednolicony [1,0]
    • a
    • Tytuł ujednolicony
    • Aristoteles Lehre vom Ursprung des menschlichen Geistes
    • l
    • Język tekstu
    • (pol.)
    • 9
    • KHW
    • 719460
245 -Strefa tytułu i oznaczenia odpowiedzialności [1,0]
    • a
    • Tytuł
    • Teoria Arystotelesa na temat źródła ludzkiego ducha : Find
    • b
    • Ciąg dalszy tytułu (NP)
    • wraz z dodatkiem List otwarty do Pana Profesora Doktora Eduarda Zellera na okoliczność jego pisma na temat teorii Arystotelesa o wieczności ducha / Find
    • c
    • Pozostałe elementy strefy tytułu i oznaczenia odpowiedzialności (NP)
    • Franz Brentano ; tłumaczenie z j. niemieckiego, wstęp, opracowanie Sonia Kamińska ; konsultacje oraz redakcja greki i łaciny Grzegorz Słowiński.
260 -Strefa adresu wydawniczego [ , ]
    • a
    • Miejsce wydania (P)
    • Kraków :
    • b
    • Nazwa wydawcy (P)
    • Zakład Wydawniczy Nomos,
    • c
    • Data wydania (P)
    • 2016.
300 -Strefa opisu fizycznego [ , ]
    • a
    • Określenie formy książki i/lub objętość (NP)
    • 243 s. ;
    • c
    • Format (NP)
    • 22 cm.
336 -Typ zawartości [ , ]
    • a
    • Termin opisujący typ zawartości
    • Tekst
    • b
    • Kod określający zawartość
    • txt
    • 2
    • Źródło (terminu i kodu)
    • rdacontent
337 -Typ mediów [ , ]
    • a
    • Tryb odtwarzania
    • Bez urządzenia pośredniczącego
    • b
    • Kod typu mediów
    • n
    • 2
    • Źródło (terminu i kodu)
    • rdamedia
338 -Typ/rodzaj nośnika [ , ]
    • a
    • Hasło opisujące typ nośnika
    • Wolumin
    • b
    • Kod typu nośnika
    • nc
    • 2
    • Źródło (terminu i kodu)
    • rdacarrier
500 -Uwaga ogólna [ , ]
    • a
    • Uwaga ogólna (NP)
    • Tyt. oryg.: Aristoteles Lehre vom Ursprung des menschlichen Geistes.
600 -Hasło przedmiotowe w formie nazwy osobowej [0,7]
    • a
    • Nazwa osobowa
    • Aristoteles
    • d
    • Daty związane z nazwą
    • (384-322 p.n.e.)
    • x
    • Określnik rzeczowy
    • krytyka i interpretacja.
    • 2
    • Źródło terminu
    • kaba
    • 9
    • KHW
    • 352635
650 -Hasło przedmiotowe [ ,7]
    • a
    • Hasło przedmiotowe
    • Filozofia starożytna
    • x
    • Określnik rzeczowy
    • wpływ wschodni.
    • 2
    • Źródło terminu
    • kaba
    • 9
    • KHW
    • 404619
650 -Hasło przedmiotowe [ ,7]
    • a
    • Hasło przedmiotowe
    • Dusza
    • x
    • Określnik rzeczowy
    • historia doktryn
    • y
    • Określnik chronologiczny
    • starożytność.
    • 2
    • Źródło terminu
    • kaba
    • 9
    • KHW
    • 404618
700 -Hasło dodatkowe - nazwa osobowa [1, ]
    • a
    • Nazwa osobowa (NP)
    • Kamińska, Sonia. Find
    • e
    • Określenie rodzaju współpracy
    • Tł.
    • 9
    • KHW
    • 404526
700 -Hasło dodatkowe - nazwa osobowa [1, ]
    • a
    • Nazwa osobowa (NP)
    • Słowiński, Grzegorz. Find
    • e
    • Określenie rodzaju współpracy
    • Red.
    • 9
    • KHW
    • 404527
710 -Hasło dodatkowe - nazwa ciała zbiorowego [2, ]
    • a
    • Nazwa ciała zbiorowego lub nazwa geograficzna jako pierwszy element (NP)
    • Zakład Wydawniczy Nomos.
    • 4
    • Kod relacji
    • pbl
    • 9
    • KHW
    • 52875
920 -ISBN [ , ]
    • a
    • ISBN
    • 978-83-7688-401-1 Find
Numer inwentarzowy Status udost. Data inwentaryzacji Lokalizacja
H.2938612017-02-16BNS